[Event "Novosibirsk op 03"]
[Site "Novosibirsk"]
[Date "2009.03.23"]
[Round "4"]
[White "Chaschin, Nikolay"]
[Black "Korobkov, Vadim"]
[Result "1-0"]
[WhiteElo "1804"]
[BlackElo "1811"]
[PlyCount "79"]
[EventDate "2009.03.17"]
[EventType "swiss"]
[EventRounds "9"]
[EventCountry "RUS"]
[SourceTitle "EXT 2012"]
[Source "ChessBase"]
[SourceDate "2011.11.24"]
[SourceVersion "1"]
[SourceVersionDate "2011.11.24"]
[SourceQuality "1"]

1. c4 c5 2. Nf3 g6 3. Nc3 Nf6 4. g3 Bg7 5. Bg2 Nc6 6. e3 0-0 7. 0-0 d5 8. cxd5 Nxd5 9. Qb3 Nxc3 10. bxc3 Rb8 11. d4 cxd4 12. cxd4 b6 13. Bb2 Na5 14. Qb4 Bb7 15. Rac1 Re8 16. Rc3 Rc8 17. Rfc1 Rxc3 18. Qxc3 Qa8 19. Ne1 Bxg2 20. Nxg2 e5 21. Qc7 exd4 22. exd4 Qb7 23. Ne3 Bh6 24. Qxb7 Nxb7 25. Rc7 Na5 26. Ng4 Bg7 27. Rxa7 Nc4 28. Bc3 h5 29. Rc7 b5 30. Ne5 Nxe5 31. dxe5 Bxe5 32. Bxe5 Rxe5 33. Kf1 b4 34. Rc4 Rb5 35. Rc2 Ra5 36. Ke2 b3 37. axb3 Kf8 38. Kd3 Ke7 39. Kc4 Kd6 40. b4 1-0

[Event "Novosibirsk op 03"]
[Site "Novosibirsk"]
[Date "2009.03.20"]
[Round "3"]
[White "Korobkov, Vadim"]
[Black "Kamrukov, Alexey"]
[Result "0-1"]
[WhiteElo "1811"]
[BlackElo "1964"]
[PlyCount "74"]
[EventDate "2009.03.17"]
[EventType "swiss"]
[EventRounds "9"]
[EventCountry "RUS"]
[SourceTitle "EXT 2012"]
[Source "ChessBase"]
[SourceDate "2011.11.24"]
[SourceVersion "1"]
[SourceVersionDate "2011.11.24"]
[SourceQuality "1"]

1. d4 d5 2. Nf3 Nf6 3. Bg5 c6 4. e3 Bg4 5. Nbd2 Nbd7 6. c3 e5 7. dxe5 Nxe5 8. Be2 Nxf3+ 9. Nxf3 Be7 10. h3 Bf5 11. Nd4 Bg6 12. f3 Nh5 13. Bxe7 Qxe7 14. Kd2 Ng3 15. Re1 0-0 16. Bd3 Bxd3 17. Kxd3 c5 18. Ne2 Nf5 19. Nf4 Qf6 20. Kc2 d4 21. Qd3 Qe5 22. Nd5 Qxd5 23. e4 c4 24. Qd2 d3+ 25. Kb1 Qd7 26. exf5 Rae8 27. a3 Rxe1+ 28. Qxe1 d2 29. Qd1 Re8 30. Ka2 Re1 31. Qxe1 dxe1Q 32. Rxe1 h6 33. g4 b5 34. a4 bxa4 35. Re4 Qb5 36. Rf4 Qb3+ 37. Kb1 a3 0-1